[Event "Jastrzebia Gora Fianchetto op"]
[Site "Jastrzebia Gora"]
[Date "2014.??.??"]
[Round "3"]
[White "Serbinowski, Mieczyslaw"]
[Black "Fojcik, Krzysztof"]
[Result "1-0"]
[WhiteElo "1713"]
[BlackElo "1511"]
[PlyCount "42"]
[EventDate "2014.08.31"]
[EventType "swiss"]
[EventRounds "9"]
[EventCountry "POL"]
[SourceTitle "CBM 162 Extra"]
[Source "ChessBase"]
[SourceDate "2014.10.17"]
[SourceVersion "1"]
[SourceVersionDate "2014.10.17"]
[SourceQuality "1"]

1. e4 e6 2. d4 d5 3. e5 c5 4. c3 Nc6 5. Nf3 Bd7 6. Bd3 Qb6 7. dxc5 Bxc5 8. 0-0 Qc7 9. Re1 Nge7 10. b4 Bb6 11. a4 a6 12. a5 Ba7 13. Bd2 0-0 14. Bxh7+ Kh8 15. Bc2 Ng6 16. Ng5 Rfe8 17. Qh5+ Kg8 18. Bxg6 fxg6 19. Qh7+ Kf8 20. Qh8+ Ke7 21. Qxg7+ Kd8 1-0

[Event "Gdansk op 14th"]
[Site "Gdansk"]
[Date "2012.07.22"]
[Round "2"]
[White "Serbinowski, Mieczyslaw"]
[Black "Kanarkiewicz, Michal"]
[Result "0-1"]
[WhiteElo "1802"]
[BlackElo "2079"]
[PlyCount "56"]
[EventDate "2012.07.22"]
[EventType "swiss"]
[EventRounds "9"]
[EventCountry "POL"]
[SourceTitle "CBM 149 Extra"]
[Source "ChessBase"]
[SourceDate "2012.08.24"]
[SourceVersion "1"]
[SourceVersionDate "2012.08.24"]
[SourceQuality "1"]

1. d4 Nf6 2. Bf4 g6 3. e3 Bg7 4. Bd3 0-0 5. h4 d6 6. h5 Nc6 7. hxg6 hxg6 8. c3 e5 9. dxe5 dxe5 10. Bg5 Qd5 11. f3 Rd8 12. Be2 Qc5 13. Qc1 e4 14. Bxf6 Bxf6 15. Na3 Ne5 16. f4 Nd3+ 17. Bxd3 Rxd3 18. Kf2 Bg4 19. Ne2 Rad8 20. Nd4 Qe7 21. Nac2 c5 22. Nb3 Rd1 23. Rxd1 Rxd1 24. Qxd1 Bxd1 25. Rxd1 b6 26. Na3 Qe6 27. Nb5 Qg4 28. Rd6 Bh4+ 0-1

[Event "Gdansk-ch 5th"]
[Site "Gdansk"]
[Date "2003.11.15"]
[Round "5"]
[White "Kapica, Wlodzimierz"]
[Black "Serbinowski, Mieczyslaw"]
[Result "1-0"]
[WhiteElo "2100"]
[BlackElo "2000"]
[PlyCount "89"]
[EventDate "2003.11.07"]
[EventType "swiss"]
[EventRounds "9"]
[EventCountry "POL"]
[SourceTitle "EXT 2008"]
[Source "ChessBase"]
[SourceDate "2007.11.25"]
[SourceVersion "1"]
[SourceVersionDate "2007.11.25"]
[SourceQuality "1"]

1. e4 d6 2. d4 Nf6 3. Nc3 Nc6 4. Bg5 h6 5. Bh4 Bg4 6. f3 Bh5 7. Bxf6 exf6 8. Bb5 a6 9. Ba4 Ke7 10. Nd5+ Ke8 11. Nf4 Bg6 12. c4 b5 13. cxb5 Nb8 14. Nge2 axb5 15. Bxb5+ c6 16. Bc4 Qa5+ 17. Nc3 Bh7 18. 0-0 Qb4 19. Qe2 Be7 20. a3 Qb6 21. Rad1 Nd7 22. Kh1 Bg8 23. Nh5 g6 24. Ng3 h5 25. Rfe1 h4 26. Nf1 Rh5 27. Ne3 Kf8 28. f4 Re8 29. b4 Qa7 30. a4 Nb6 31. Bb3 Qb8 32. b5 c5 33. a5 cxd4 34. Rxd4 Nd7 35. Ned5 Nc5 36. Bc4 Bd8 37. b6 Ne6 38. Rdd1 Ng7 39. Bb5 Re6 40. Bd7 Ree5 41. fxe5 fxe5 42. a6 Ne6 43. Bxe6 fxe6 44. Rf1+ Kg7 45. a7 1-0